[Event "GER-ch U25 op-B"]
[Site "Willingen"]
[Date "2015.05.26"]
[Round "5"]
[White "Jacoby, Angelina"]
[Black "Fischer, Soeren"]
[Result "1-0"]
[WhiteElo "886"]
[BlackElo "931"]
[PlyCount "59"]
[EventDate "2015.05.24"]
[EventType "swiss"]
[EventRounds "9"]
[EventCountry "GER"]
[SourceTitle "CBM 166 Extra"]
[Source "ChessBase"]
[SourceDate "2015.06.18"]
[SourceVersion "1"]
[SourceVersionDate "2015.06.18"]
[SourceQuality "1"]

1. e4 e5 2. Nf3 d6 3. Bc4 Nc6 4. Nc3 Bg4 5. h3 Bxf3 6. Qxf3 Qd7 7. d3 Nd4 8. Qd1 Nf6 9. Be3 c6 10. Bxd4 exd4 11. Ne2 b5 12. Bb3 c5 13. c3 Qc6 14. cxd4 cxd4 15. Nxd4 Qb6 16. Nf5 Rd8 17. 0-0 Be7 18. Re1 g6 19. Nh6 Rf8 20. Qe2 Rd7 21. e5 dxe5 22. Qxe5 Qd6 23. Qxb5 Qxd3 24. Ba4 Qd6 25. Rad1 Qc7 26. Rc1 Qd8 27. Qc6 Rh8 28. Qxf6 Rf8 29. Qxe7+ Qxe7 30. Rc8# 1-0

[Event "GER-ch U25 op-B"]
[Site "Willingen"]
[Date "2015.05.24"]
[Round "1"]
[White "Fischer, Soeren"]
[Black "Zell, Mirjam"]
[Result "0-1"]
[WhiteElo "931"]
[BlackElo "1336"]
[PlyCount "98"]
[EventDate "2015.05.24"]
[EventType "swiss"]
[EventRounds "9"]
[EventCountry "GER"]
[SourceTitle "CBM 166 Extra"]
[Source "ChessBase"]
[SourceDate "2015.06.18"]
[SourceVersion "1"]
[SourceVersionDate "2015.06.18"]
[SourceQuality "1"]

1. d4 d5 2. Bf4 Bf5 3. Nc3 Nc6 4. e3 e6 5. Bb5 Nf6 6. f3 Bb4 7. Qd2 Qd7 8. g4 Bg6 9. h4 h5 10. g5 Ng8 11. 0-0-0 0-0-0 12. Re1 Kb8 13. Bd3 Bxd3 14. Qxd3 Nge7 15. a3 Ba5 16. Nh3 g6 17. Nb5 Bxe1 18. Bxc7+ Kc8 19. Bxd8 Bxh4 20. Bxe7 Qxe7 21. f4 Rg8 22. Qc3 Kb8 23. Qc5 Qxc5 24. dxc5 Rf8 25. Ng1 Bf2 26. Kd2 Bxg1 27. Rxg1 f6 28. gxf6 Rxf6 29. Kd3 e5 30. f5 e4+ 31. Kc3 Ne7 32. Nd6 gxf5 33. Rg7 Re6 34. Rh7 b6 35. Rxh5 bxc5 36. Nxf5 Re5 37. Rh8+ Kc7 38. Nxe7 Rxe7 39. Rh5 Rd7 40. Kb3 Kc6 41. Rh6+ Rd6 42. Rh7 a6 43. Ka4 d4 44. exd4 cxd4 45. Re7 Kd5 46. Rf7 Re6 47. Rf1 Kc4 48. c3 d3 49. Rd1 e3 0-1